Normal view
MARC view
- DE-COMP-30 [
Entry Topical Term
001 - CONTROL NUMBER
- control field: 71777
003 - CONTROL NUMBER IDENTIFIER
- control field: NUST
005 - DATE AND TIME OF LATEST TRANSACTION
- control field: 20210628204659.0
008 - FIXED-LENGTH DATA ELEMENTS
- fixed length control field: 210628|| aca||aabn | a|a d
040 ## - CATALOGING SOURCE
- Original cataloging agency: NUST
- Transcribing agency: NUST
150 ## - HEADING--TOPICAL TERM
- Topical term or geographic name entry element: DE-COMP-30 [
670 ## - SOURCE DATA FOUND
- Source citation: Work cat.: (NUST): AMSAL,RAHEEL,TAHREEM 71776, PR-SOF-1209-WIRELESS SENSOR NETWORK BASED COGNITIVE SURVEILLANCE AND REPORTING SYSTEM, 2012
